Littérature par lettre - V - Statistiques

Statistiques générales
  • Ce quiz a été pris 168 fois
  • Le résultat moyen est 8 sur 15
Statistiques - réponses
Questions Réponses % Correct
Quel poète français, connu pour sa relation avec Rimbaud a notamment écrit "Chanson d'Automne" ou encore "Poèmes saturniens" ? Paul Verlaine
97%
Quel homme des Lumières, de son vrai nom François Marie Arouet a notamment écrit "Candide" ? Voltaire
97%
Qui est le compagnon de Robinson Crusoé ? Vendredi
92%
Quel romancier français de la seconde moitié du XIXème siècle raconte dans ses romans d'aventures les progrès scientifiques de ce siècle ? Jules Verne
90%
Quel roman d'aventures (écrit par la réponse précédente) raconte la découverte d'un manuscrit runique ancien par un savant allemand qui entreprend alors un voyage en compagnie de son neveu ? Voyage au centre de la Terre
56%
Quel roman d'Hervé Bazin relate l'enfance du narrateur, Jean Rezeau dit « Brasse-Bouillon » ? Vipère au poing
54%
Quel roman d'aventures (écrit par la réponse à la question 5) relate le voyage de trois naufragés capturés par le capitaine Nemo, un mystérieux inventeur ? Vingt-mille lieues sous les mers
53%
Quel polymathe (poète, parolier, ingénieur) français a eu pour pseudonyme Vernon Sullivan ? Boris Vian
48%
Quel roman satirique écrit par Jonathan Swift narre l'histoire d'un personnage qui voyage énormément et qui, de ce fait, rencontre des civilisations étonnantes ? Les Voyages de Gulliver
37%
Quel poète de la fin du Moyen-Âge, ayant écrit "La Ballade des Pendus", est connu pour avoir tué un prêtre dans une rixe ? François Villon
36%
Quel écrivain et homme politique d'extrême gauche a créé le journal Le Cri du peuple, et est également l'auteur du roman autobiographique "l'Enfant" ? Jules Vallès
26%
Quel poète sétois du début du XXème siècle a écrit "Le Cimetière marin" et "La jeune parque" ? Paul Valéry
25%
Quelle femme de lettres française contemporaine est connu pour ses romans policiers mettant souvent en oeuvre le commissaire Adamsberg ? Fred Vargas
23%
Quel écrivain romantique a écrit "La Mort du loup" ou encore "La Maison du berger" ? Alfred de Vigny
17%
Quel écrivain belge a créé l'oeuvre poétique : "Villes tentaculaires" publié en 1895 ? Emile Verhaeren
9%
Aucun quiz correspondant
Distribution des résultats
% des personnes avec chaque résultat
Percentile par nombre de réponses
Votre historique - résultats
Vous n’avez pas pris ce quiz